[Event "Gatineau CEH op"]
[Site "Gatineau CAN"]
[Date "2010.01.12"]
[Round "1"]
[White "Libersan, Mattieu"]
[Black "Dagenais, Benoit"]
[Result "1-0"]
[WhiteElo "1779"]
[BlackElo "1264"]
[PlyCount "51"]
[EventDate "2010.01.12"]
[EventType "swiss"]
[EventRounds "7"]
[EventCountry "CAN"]
[Source "ChessBase"]
[SourceDate "2011.11.26"]

1. e4 Nf6 2. e5 Nd5 3. d4 c5 4. c4 Nb4 5. d5 Qa5 6. Nc3 d6 7. Nf3 Bf5 8. Nh4
Nc2+ 9. Ke2 Nxa1 10. Nxf5 g6 11. Ng3 Bg7 12. Bd2 Bxe5 13. Qxa1 O-O 14. h4 Nd7
15. Nce4 Qb6 16. Bc3 f5 17. Ng5 Bxc3 18. bxc3 Ne5 19. Ke1 Qa6 20. h5 Nxc4 21.
hxg6 hxg6 22. Ne6 Rfc8 23. Qc1 Qxa2 24. Nxf5 Kf7 25. Rh7+ Ke8 26. Rxe7# 1-0

[Event "Gatineau CEH op"]
[Site "Gatineau CAN"]
[Date "2010.01.12"]
[Round "1"]
[White "MacIsaac, Alexandre"]
[Black "Brousseau, Yvan"]
[Result "0-1"]
[WhiteElo "1516"]
[BlackElo "1981"]
[PlyCount "45"]
[EventDate "2010.01.12"]
[EventType "swiss"]
[EventRounds "7"]
[EventCountry "CAN"]
[Source "ChessBase"]
[SourceDate "2011.11.26"]

1. e4 g6 2. d4 Bg7 3. Nc3 d6 4. f4 Nd7 5. Nf3 c5 6. d5 Nh6 7. Bc4 O-O 8. O-O a6
9. a4 b6 10. Qe1 Kh8 11. e5 Qc7 12. e6 fxe6 13. dxe6 Nf6 14. Qh4 Bb7 15. Qh3 d5
16. Nxd5 Bxd5 17. Bxd5 Nxd5 18. f5 Nxf5 19. Ng5 Bd4+ 20. Rf2 Nf6 21. Nf7+ Rxf7
22. exf7 Ne4 23. f8=Q+ 0-1

[Event "Gatineau CEH op"]
[Site "Gatineau CAN"]
[Date "2010.01.12"]
[Round "1"]
[White "Menard, Marc"]
[Black "Groleau, Gilles"]
[Result "0-1"]
[WhiteElo "1576"]
[BlackElo "2022"]
[PlyCount "74"]
[EventDate "2010.01.12"]
[EventType "swiss"]
[EventRounds "7"]
[EventCountry "CAN"]
[Source "ChessBase"]
[SourceDate "2011.11.26"]

1. e4 c5 2. Nf3 e6 3. d4 cxd4 4. Nxd4 a6 5. Nc3 Qc7 6. g3 Nc6 7. Bg2 Nge7 8.
O-O Nxd4 9. Qxd4 Nc6 10. Qd1 Bb4 11. Bf4 Qa5 12. Qd2 O-O 13. Bd6 Bxd6 14. Qxd6
Qb4 15. Qxb4 Nxb4 16. Rac1 b5 17. a3 Nc6 18. Rcd1 Rb8 19. b4 f6 20. f4 e5 21.
Nd5 Rd8 22. c3 Kf8 23. fxe5 Nxe5 24. Ne3 Rb6 25. Rd5 d6 26. Rfd1 Be6 27. R5d4
Rc6 28. Nf5 Bxf5 29. exf5 Rxc3 30. Rxd6 Rxd6 31. Rxd6 Rxa3 32. Bb7 a5 33. bxa5
Rxa5 34. Rd1 b4 35. Rb1 Rb5 36. Be4 b3 37. Rb2 Nc4 0-1

[Event "Gatineau CEH op"]
[Site "Gatineau CAN"]
[Date "2010.01.12"]
[Round "1"]
[White "Morel, Joseph"]
[Black "Guimond, Michel"]
[Result "0-1"]
[WhiteElo "1076"]
[BlackElo "1970"]
[PlyCount "82"]
[EventDate "2010.01.12"]
[EventType "swiss"]
[EventRounds "7"]
[EventCountry "CAN"]
[Source "ChessBase"]
[SourceDate "2011.11.26"]

1. e4 c5 2. Nf3 d6 3. c3 g6 4. d4 b6 5. Be2 Bg7 6. Be3 Nf6 7. Bd3 O-O 8. O-O
Qc7 9. Na3 a6 10. Nc2 c4 11. Be2 Nxe4 12. Na3 b5 13. b3 cxb3 14. axb3 Nxc3 15.
Qc2 Nxe2+ 16. Qxe2 Bb7 17. Rac1 Qd7 18. Rc2 Qg4 19. Ra1 Bxf3 20. Qxf3 Qxf3 21.
gxf3 b4 22. Nb5 a5 23. Nc7 Ra7 24. Ra4 Rb7 25. Rxa5 Rc8 26. Ra8 f5 27. d5 Kf7
28. Ba7 Rcxc7 29. Rxc7 Rxc7 30. Bxb8 Rc8 31. Kg2 Bd4 32. Kg3 Bb6 33. f4 Bc7 34.
Kh4 Rxb8 35. Rxb8 Bxb8 36. f3 e6 37. dxe6+ Kxe6 38. Kg5 Kf7 39. h4 Bc7 40. Kh6
d5 41. Kxh7 d4 0-1

[Event "Gatineau CEH op"]
[Site "Gatineau CAN"]
[Date "2010.01.12"]
[Round "1"]
[White "Thibault, Mario"]
[Black "Jiang, Qizhe"]
[Result "1-0"]
[WhiteElo "1733"]
[BlackElo "1218"]
[PlyCount "127"]
[EventDate "2010.01.12"]
[EventType "swiss"]
[EventRounds "7"]
[EventCountry "CAN"]
[Source "ChessBase"]
[SourceDate "2011.11.26"]

1. e4 e5 2. Nf3 Nc6 3. d4 exd4 4. Bc4 Bc5 5. c3 dxc3 6. Bxf7+ Kxf7 7. Qd5+ Kf8
8. Qxc5+ d6 9. Qxc3 Nf6 10. O-O Nxe4 11. Qe3 d5 12. Rd1 Kf7 13. Nc3 Nxc3 14.
bxc3 Re8 15. Ng5+ Kg8 16. Qf3 Be6 17. Be3 Ne5 18. Qh5 h6 19. Nxe6 Rxe6 20. Rab1
b6 21. Bf4 Qf6 22. Bg3 c6 23. Rd4 Ng6 24. f4 Re4 25. Rbd1 Nxf4 26. Bxf4 Qxf4
27. R4d3 Qe5 28. Qxe5 Rxe5 29. c4 Rd8 30. Ra3 a5 31. c5 b5 32. Rxa5 d4 33. Kf1
Rxc5 34. a4 Rcd5 35. axb5 Rxb5 36. Ra7 Rbd5 37. Rc7 R5d6 38. Rc1 d3 39. Rd1 Re8
40. Rd2 Re3 41. Kf2 Rde6 42. Rxc6 Re2+ 43. Rxe2 Rxe2+ 44. Kf3 Re1 45. Rd6 Rh1
46. h3 Rf1+ 47. Ke3 Re1+ 48. Kf3 Rf1+ 49. Kg3 Rd1 50. Kh4 Rg1 51. g4 g5+ 52.
Kh5 Rg3 53. Kg6 Rf3 54. Rd8+ Rf8 55. Rxd3 Rf7 56. Rd8+ Rf8 57. Rd7 Rf3 58. Rd8+
Rf8 59. Rxf8+ Kxf8 60. Kxh6 Kf7 61. Kxg5 Kg7 62. h4 Kh7 63. Kf6 Kg8 64. g5 1-0

[Event "Gatineau CEH op"]
[Site "Gatineau CAN"]
[Date "2010.01.19"]
[Round "2"]
[White "Brousseau, Yvan"]
[Black "Libersan, Mattieu"]
[Result "0-1"]
[WhiteElo "1981"]
[BlackElo "1779"]
[PlyCount "54"]
[EventDate "2010.01.12"]
[EventType "swiss"]
[EventRounds "7"]
[EventCountry "CAN"]
[Source "ChessBase"]
[SourceDate "2011.11.26"]

1. b3 e5 2. Bb2 Nc6 3. e3 d5 4. Bb5 Bd6 5. f4 Qh4+ 6. g3 Qe7 7. Qe2 Nf6 8. fxe5
Bxe5 9. Nc3 Bg4 10. Bxc6+ bxc6 11. Qa6 Qd6 12. Nge2 Ne4 13. Nxe4 dxe4 14. Bxe5
Qxe5 15. Qxc6+ Bd7 16. Qc3 Qg5 17. Qd4 Bc6 18. Qc4 Qf6 19. Nd4 Bd7 20. Rf1 Qe7
21. O-O-O O-O 22. Rf4 Qa3+ 23. Kb1 a5 24. Qc3 c5 25. Ne2 a4 26. bxa4 Rfb8+ 27.
Ka1 Qxa4 0-1

[Event "Gatineau CEH op"]
[Site "Gatineau CAN"]
[Date "2010.01.19"]
[Round "2"]
[White "Carriere, Stephen"]
[Black "Menard, Marc"]
[Result "1-0"]
[WhiteElo "1226"]
[BlackElo "1576"]
[PlyCount "29"]
[EventDate "2010.01.12"]
[EventType "swiss"]
[EventRounds "7"]
[EventCountry "CAN"]
[Source "ChessBase"]
[SourceDate "2011.11.26"]

1. e4 e5 2. Nf3 Nc6 3. Bc4 Nf6 4. O-O d5 5. exd5 Nxd5 6. Nxe5 Be7 7. Nxf7 Kxf7
8. Qh5+ Ke6 9. Nc3 Ncb4 10. Nxd5 Nxd5 11. Re1+ Kf6 12. Bxd5 Bf5 13. Qf7+ Kg5
14. d4+ Kg4 15. Bf3+ 1-0

[Event "Gatineau CEH op"]
[Site "Gatineau CAN"]
[Date "2010.01.19"]
[Round "2"]
[White "Dagenais, Benoit"]
[Black "MacIsaac, Alexandre"]
[Result "0-1"]
[WhiteElo "1264"]
[BlackElo "1516"]
[PlyCount "74"]
[EventDate "2010.01.12"]
[EventType "swiss"]
[EventRounds "7"]
[EventCountry "CAN"]
[Source "ChessBase"]
[SourceDate "2011.11.26"]

1. b3 e5 2. Bb2 Nc6 3. g3 d5 4. Bg2 Nf6 5. e3 Bd6 6. d3 O-O 7. Ne2 Bg4 8. Nd2
Nb4 9. f3 Bf5 10. e4 Be6 11. a3 Nc6 12. b4 a6 13. O-O Qd7 14. Nc3 d4 15. Ne2 b5
16. c3 dxc3 17. Bxc3 Be7 18. Qc2 Rfd8 19. Nc1 Nd4 20. Qd1 c5 21. Rf2 Rac8 22.
Bf1 cxb4 23. Bxb4 Nc2 24. Bxe7 Qxe7 25. Rb1 Nxa3 26. Rb2 Qc5 27. Ncb3 Bxb3 28.
Nxb3 Qc3 29. Ra2 b4 30. Rac2 Nxc2 31. Rxc2 Qxc2 32. Qxc2 Rxc2 33. d4 exd4 34.
Bxa6 d3 35. Kf1 d2 36. Kg1 d1=Q+ 37. Bf1 Qxf1+ 0-1

[Event "Gatineau CEH op"]
[Site "Gatineau CAN"]
[Date "2010.01.19"]
[Round "2"]
[White "Danilov, Alex"]
[Black "Rainey, Ivan"]
[Result "1-0"]
[WhiteElo "1824"]
[BlackElo "1405"]
[PlyCount "34"]
[EventDate "2010.01.12"]
[EventType "swiss"]
[EventRounds "7"]
[EventCountry "CAN"]
[Source "ChessBase"]
[SourceDate "2011.11.26"]

1. d4 Nf6 2. c4 g6 3. g3 Bg7 4. Bg2 d6 5. Nc3 O-O 6. e4 e5 7. Nge2 a5 8. O-O
Na6 9. f3 h5 10. Be3 Nh7 11. f4 exf4 12. Nxf4 c6 13. Kf2 f5 14. Nxg6 Rf6 15.
Qxh5 Qe8 16. Nf4 Qe7 17. Nd3 Rh6 1-0

[Event "Gatineau CEH op"]
[Site "Gatineau CAN"]
[Date "2010.01.19"]
[Round "2"]
[White "Desjardins, Michel"]
[Black "Thibault, Mario"]
[Result "1-0"]
[WhiteElo "1959"]
[BlackElo "1733"]
[PlyCount "51"]
[EventDate "2010.01.12"]
[EventType "swiss"]
[EventRounds "7"]
[EventCountry "CAN"]
[Source "ChessBase"]
[SourceDate "2011.11.26"]

1. e4 c5 2. Nc3 g6 3. g3 Bg7 4. Bg2 Nc6 5. d3 d6 6. Be3 Nf6 7. h3 O-O 8. Nge2
Rb8 9. Qd2 b5 10. O-O b4 11. Nd1 e5 12. f4 Nd4 13. g4 Nxe2+ 14. Qxe2 exf4 15.
Bxf4 Ne8 16. Qd2 Qh4 17. Bg5 Bd4+ 18. Kh1 Qg3 19. Rf3 Qe5 20. c3 bxc3 21. bxc3
Bxc3 22. Nxc3 Bd7 23. Raf1 Ng7 24. Bf6 Qe6 25. Qh6 Ne8 26. Nd5 1-0

[Event "Gatineau CEH op"]
[Site "Gatineau CAN"]
[Date "2010.01.19"]
[Round "2"]
[White "Groleau, Gilles"]
[Black "Arsenault, Michel"]
[Result "1-0"]
[WhiteElo "2022"]
[BlackElo "1889"]
[PlyCount "61"]
[EventDate "2010.01.12"]
[EventType "swiss"]
[EventRounds "7"]
[EventCountry "CAN"]
[Source "ChessBase"]
[SourceDate "2011.11.26"]

1. e4 c5 2. Nc3 e6 3. f4 a6 4. Nf3 Nc6 5. d3 Qc7 6. g3 g6 7. Bg2 Bg7 8. O-O
Nge7 9. Be3 Nd4 10. Rb1 O-O 11. Ne2 Nxf3+ 12. Bxf3 d5 13. Qe1 d4 14. Bd2 Bd7
15. g4 f5 16. h3 e5 17. Qg3 Kh8 18. c4 Rf7 19. exf5 Raf8 20. fxe5 gxf5 21. e6
Qxg3+ 22. Nxg3 Bxe6 23. Bxb7 Be5 24. Nxf5 Nxf5 25. gxf5 Bxf5 26. Bd5 Bxd3 27.
Rxf7 Rxf7 28. Re1 Bh2+ 29. Kg2 Rf6 30. Re8+ Kg7 31. Rg8# 1-0

[Event "Gatineau CEH op"]
[Site "Gatineau CAN"]
[Date "2010.01.19"]
[Round "2"]
[White "Guimond, Michel"]
[Black "Scantland, Patrick"]
[Result "1-0"]
[WhiteElo "1970"]
[BlackElo "1759"]
[PlyCount "41"]
[EventDate "2010.01.12"]
[EventType "swiss"]
[EventRounds "7"]
[EventCountry "CAN"]
[Source "ChessBase"]
[SourceDate "2011.11.26"]

1. e4 c5 2. Nf3 d6 3. d4 cxd4 4. Nxd4 Nf6 5. Nc3 a6 6. Bg5 e6 7. f4 Be7 8. Qf3
Qc7 9. O-O-O Nbd7 10. Kb1 b5 11. e5 Bb7 12. Qh3 dxe5 13. Ndxb5 axb5 14. Bxb5
Bc6 15. fxe5 Nd5 16. Nxd5 Bxd5 17. Bxe7 Kxe7 18. c4 Bc6 19. Qc3 Bxb5 20. Qb4+
Qc5 21. Rxd7+ 1-0

[Event "Gatineau CEH op"]
[Site "Gatineau CAN"]
[Date "2010.01.19"]
[Round "2"]
[White "Jani, Louis"]
[Black "Gagnon, Fabien"]
[Result "0-1"]
[WhiteElo "1427"]
[BlackElo "1942"]
[PlyCount "60"]
[EventDate "2010.01.12"]
[EventType "swiss"]
[EventRounds "7"]
[EventCountry "CAN"]
[Source "ChessBase"]
[SourceDate "2011.11.26"]

1. d4 Nf6 2. c4 c5 3. e3 e6 4. Nc3 d5 5. Nf3 Nc6 6. Be2 Be7 7. O-O O-O 8. Re1
b6 9. Bd2 cxd4 10. Nxd4 Nxd4 11. exd4 Bb7 12. Be3 dxc4 13. Bxc4 Rc8 14. Qb3 Qc7
15. Bf1 Rfd8 16. Ne2 Bd5 17. Qc3 Qb7 18. Qd2 Ne4 19. Qd1 Bf6 20. Ng3 Nxg3 21.
fxg3 Qd7 22. Qg4 Rc2 23. b3 Bb7 24. Qh3 Bxd4 25. Bd3 Bxe3+ 26. Rxe3 Rxg2+ 27.
Kf1 g6 28. Rd1 Rxa2 29. Be2 Qc7 30. Bd3 Qc6 0-1

[Event "Gatineau CEH op"]
[Site "Gatineau CAN"]
[Date "2010.01.19"]
[Round "2"]
[White "Jiang, Qizhe"]
[Black "Beland, Guy"]
[Result "0-1"]
[WhiteElo "1218"]
[BlackElo "1408"]
[PlyCount "66"]
[EventDate "2010.01.12"]
[EventType "swiss"]
[EventRounds "7"]
[EventCountry "CAN"]
[Source "ChessBase"]
[SourceDate "2011.11.26"]

1. e4 e5 2. Nf3 Nc6 3. Bc4 Bc5 4. c3 Nf6 5. d4 exd4 6. cxd4 Bb6 7. Nc3 O-O 8.
Bg5 Na5 9. Bb3 h6 10. Bh4 g5 11. Bg3 d6 12. O-O Bg4 13. d5 Re8 14. Bc2 Nc4 15.
Bd3 Ne5 16. Be2 Qe7 17. Bxe5 dxe5 18. Bb5 Red8 19. h3 Bd7 20. Bxd7 Rxd7 21. g4
Rad8 22. Qe2 c6 23. Rad1 Rd6 24. a3 cxd5 25. exd5 e4 26. Nb5 Rxd5 27. Nc3 Rd3
28. Rxd3 Rxd3 29. Ne1 Rxh3 30. Kg2 Rh4 31. f3 e3 32. Kg3 Bc7+ 33. Kg2 Rh2+ 0-1

[Event "Gatineau CEH op"]
[Site "Gatineau CAN"]
[Date "2010.01.19"]
[Round "2"]
[White "Laurin, Jacques"]
[Black "Lacourse, Guy"]
[Result "0-1"]
[WhiteElo "1929"]
[BlackElo "1676"]
[PlyCount "56"]
[EventDate "2010.01.12"]
[EventType "swiss"]
[EventRounds "7"]
[EventCountry "CAN"]
[Source "ChessBase"]
[SourceDate "2011.11.26"]

1. e4 c5 2. Nf3 e6 3. Nc3 d6 4. d4 cxd4 5. Nxd4 a6 6. Bc4 Qc7 7. Bb3 Nf6 8. Bg5
Be7 9. Qe2 O-O 10. O-O-O Nc6 11. f4 Bd7 12. f5 Nxd4 13. Rxd4 exf5 14. Rc4 Qd8
15. Bf4 Nxe4 16. Nxe4 fxe4 17. Rxe4 Bg5 18. Rf1 Bc6 19. Rd4 Bxf4+ 20. Rdxf4 Qg5
21. Kb1 Kh8 22. g4 Qe5 23. Qf2 Rae8 24. a3 f6 25. Rf5 Qe3 26. Qh4 Be4 27. Rh5
Qxb3 28. Ka1 Qxc2 0-1

[Event "Gatineau CEH op"]
[Site "Gatineau CAN"]
[Date "2010.01.19"]
[Round "2"]
[White "Levesque, Andre"]
[Black "Berthiaume, Serge"]
[Result "1-0"]
[WhiteElo "1346"]
[BlackElo "1350"]
[PlyCount "59"]
[EventDate "2010.01.12"]
[EventType "swiss"]
[EventRounds "7"]
[EventCountry "CAN"]
[Source "ChessBase"]
[SourceDate "2011.11.26"]

1. e4 e5 2. Nf3 Nc6 3. Bb5 a6 4. Ba4 Nf6 5. O-O Bc5 6. c3 O-O 7. Nxe5 Nxe4 8.
d4 Ba7 9. Re1 Nxe5 10. Rxe4 Nc4 11. Bc2 d5 12. Re1 c6 13. Bf4 Nxb2 14. Qh5 f5
15. Re3 Rf7 16. Rg3 Bb8 17. Bxb8 Rxb8 18. Nd2 Qa5 19. Nf3 g6 20. Rxg6+ hxg6 21.
Qxg6+ Rg7 22. Qe8+ Kh7 23. Bxf5+ Bxf5 24. Qxb8 Qxc3 25. Qf4 Nd3 26. Qxf5+ Kh6
27. Qh3+ Kg6 28. Ne5+ Nxe5 29. Qxc3 Nc4 30. Re1 1-0

[Event "Gatineau CEH op"]
[Site "Gatineau CAN"]
[Date "2010.01.19"]
[Round "2"]
[White "Rose, Richard"]
[Black "Cossette, Daniel"]
[Result "0-1"]
[WhiteElo "1862"]
[BlackElo "2020"]
[PlyCount "72"]
[EventDate "2010.01.12"]
[EventType "swiss"]
[EventRounds "7"]
[EventCountry "CAN"]
[Source "ChessBase"]
[SourceDate "2011.11.26"]

1. e4 c5 2. Nf3 Nc6 3. d4 cxd4 4. Nxd4 g6 5. c3 Bg7 6. Be3 d5 7. Bb5 Qd6 8.
exd5 a6 9. Ba4 Qxd5 10. Nxc6 Qxd1+ 11. Kxd1 Bd7 12. Nd2 Bxc6 13. Bxc6+ bxc6 14.
Nc4 Nf6 15. Kc2 O-O 16. Rhe1 Rfe8 17. Rad1 Nd5 18. Bc5 e5 19. Ne3 Rad8 20. c4
Nf4 21. Rd6 Rxd6 22. Bxd6 Ne6 23. Kb3 f5 24. Ka4 e4 25. b4 Rd8 26. c5 Nd4 27.
Ka5 g5 28. Nc4 Re8 29. Nb6 f4 30. Kxa6 e3 31. fxe3 fxe3 32. Kb7 e2 33. a4 Nc2
34. Rxe2 Rxe2 35. b5 cxb5 36. axb5 Nd4 0-1

[Event "Gatineau CEH op"]
[Site "Gatineau CAN"]
[Date "2010.01.19"]
[Round "2"]
[White "Sabourin, Yves"]
[Black "Arsenault, Yves"]
[Result "1/2-1/2"]
[WhiteElo "1387"]
[BlackElo "1559"]
[PlyCount "89"]
[EventDate "2010.01.12"]
[EventType "swiss"]
[EventRounds "7"]
[EventCountry "CAN"]
[Source "ChessBase"]
[SourceDate "2011.11.26"]

1. e4 c5 2. Nf3 Nc6 3. d4 cxd4 4. Nxd4 Nf6 5. Nc3 e6 6. a3 d5 7. exd5 Nxd5 8.
Nxc6 bxc6 9. Bd2 Rb8 10. Rb1 Be7 11. Bc4 Bf6 12. Qf3 Nxc3 13. Bxc3 Bxc3+ 14.
Qxc3 Qg5 15. O-O O-O 16. Rfe1 Re8 17. Qe5 Qxe5 18. Rxe5 f6 19. Re3 Rb6 20. Bb3
c5 21. Rc3 Rd6 22. Rxc5 Red8 23. Kf1 Kf8 24. Ke1 Bb7 25. f3 Rd2 26. Kf1 Ba6+
27. c4 Rb8 28. Ra5 Rxb3 29. Rxa6 Re3 30. Re1 Rb3 31. Re2 Rxe2 32. Kxe2 Rxb2+
33. Kf1 Rc2 34. Rxe6 Rxc4 35. Ra6 Rc7 36. Kf2 Ke7 37. Ke3 Rd7 38. Ra4 f5 39.
Rd4 Rb7 40. Rb4 Rc7 41. Kd4 Kd6 42. a4 g6 43. Rb8 Rd7 44. Kc4 Kc6 45. Rb2
1/2-1/2

[Event "Gatineau CEH op"]
[Site "Gatineau CAN"]
[Date "2010.01.26"]
[Round "3"]
[White "Arsenault, Michel"]
[Black "Sabourin, Yves"]
[Result "1-0"]
[WhiteElo "1889"]
[BlackElo "1387"]
[PlyCount "59"]
[EventDate "2010.01.12"]
[EventType "swiss"]
[EventRounds "7"]
[EventCountry "CAN"]
[Source "ChessBase"]
[SourceDate "2011.11.26"]

1. c4 c5 2. g3 d6 3. Bg2 Nc6 4. Nc3 Nf6 5. a3 g6 6. d3 Bg7 7. Rb1 a5 8. Bd2 Bd7
9. Nf3 O-O 10. O-O Rb8 11. Ne1 Re8 12. Nc2 Na7 13. b4 b6 14. b5 Bc8 15. h3 Bb7
16. e4 e6 17. Ne3 Nc8 18. Kh2 Ne7 19. f4 Nd7 20. g4 Rf8 21. Qe2 f5 22. exf5
Bxg2 23. Nxg2 exf5 24. g5 Rf7 25. Rfe1 Qf8 26. Qe6 Bxc3 27. Bxc3 Nc8 28. Re2
Qe7 29. Rbe1 Qxe6 30. Rxe6 1-0

[Event "Gatineau CEH op"]
[Site "Gatineau CAN"]
[Date "2010.01.26"]
[Round "3"]
[White "Arsenault, Yves"]
[Black "Morel, Joseph"]
[Result "1-0"]
[WhiteElo "1559"]
[BlackElo "1076"]
[PlyCount "59"]
[EventDate "2010.01.12"]
[EventType "swiss"]
[EventRounds "7"]
[EventCountry "CAN"]
[Source "ChessBase"]
[SourceDate "2011.11.26"]

1. e4 c5 2. Nf3 d6 3. Bb5+ Bd7 4. Nc3 g6 5. O-O Bg7 6. Bxd7+ Qxd7 7. Ne2 Nf6 8.
d3 O-O 9. Bg5 h6 10. Bxf6 Bxf6 11. c3 Nc6 12. d4 cxd4 13. cxd4 a6 14. Qd2 Bg7
15. Nc3 f5 16. d5 Ne5 17. Nxe5 dxe5 18. Rad1 fxe4 19. Nxe4 Rf4 20. Nc5 Qb5 21.
Ne6 Rd4 22. Nxd4 exd4 23. Qc2 g5 24. Qe4 Rd8 25. Qxe7 Qxd5 26. Rfe1 d3 27. b3
d2 28. Re2 Bc3 29. Re6 Bg7 30. Rg6 1-0

[Event "Gatineau CEH op"]
[Site "Gatineau CAN"]
[Date "2010.01.26"]
[Round "3"]
[White "Beland, Guy"]
[Black "Rose, Richard"]
[Result "1-0"]
[WhiteElo "1408"]
[BlackElo "1862"]
[PlyCount "55"]
[EventDate "2010.01.12"]
[EventType "swiss"]
[EventRounds "7"]
[EventCountry "CAN"]
[Source "ChessBase"]
[SourceDate "2011.11.26"]

1. e4 c5 2. f4 Nc6 3. Nf3 d6 4. Bc4 e6 5. O-O a6 6. d4 cxd4 7. Nxd4 Nxd4 8.
Qxd4 b6 9. Be3 b5 10. Bb3 Nf6 11. Nd2 Be7 12. c4 O-O 13. Bc2 Ng4 14. Rae1 Bb7
15. e5 dxe5 16. fxe5 Nxe3 17. Qxe3 Bg5 18. Qh3 Bh6 19. Ne4 Bxe4 20. Bxe4 Qd4+
21. Kh1 f5 22. Bxa8 Rxa8 23. Rd1 Qxc4 24. Qf3 Rc8 25. Qb7 a5 26. Qb6 Bd2 27. h3
Qd5 28. Rxd2 1-0

[Event "Gatineau CEH op"]
[Site "Gatineau CAN"]
[Date "2010.01.26"]
[Round "3"]
[White "Cossette, Daniel"]
[Black "Libersan, Mattieu"]
[Result "1/2-1/2"]
[WhiteElo "2020"]
[BlackElo "1779"]
[PlyCount "95"]
[EventDate "2010.01.12"]
[EventType "swiss"]
[EventRounds "7"]
[EventCountry "CAN"]
[Source "ChessBase"]
[SourceDate "2011.11.26"]

1. e4 e5 2. Nf3 f5 3. Nxe5 Nc6 4. d4 Qf6 5. Nxc6 dxc6 6. e5 Qf7 7. b3 Be6 8.
Bb2 O-O-O 9. Nd2 c5 10. c3 g5 11. Bc4 Ne7 12. O-O Ng6 13. Qe2 Nf4 14. Qe3 Bd5
15. Bxd5 Qxd5 16. Qf3 Qxf3 17. Nxf3 g4 18. Nh4 Ne2+ 19. Kh1 cxd4 20. cxd4 Nxd4
21. Bxd4 Rxd4 22. Nxf5 Rf4 23. Ne3 Bc5 24. Nd5 Rxf2 25. Rxf2 Bxf2 26. Nf6 Bd4
27. Re1 h5 28. Re4 c5 29. g3 b6 30. Kg2 Rh6 31. Nd5 Re6 32. Nf4 Rxe5 33. Rxe5
Bxe5 34. Nxh5 b5 35. Kf2 Bd4+ 36. Ke2 Be5 37. Kd3 Kd7 38. a4 a6 39. axb5 axb5
40. Ke4 Ke6 41. Nf4+ Bxf4 42. gxf4 c4 43. bxc4 bxc4 44. Kd4 Kf5 45. Kxc4 Kxf4
46. Kd4 Kf3 47. Ke5 Kg2 48. Kf4 1/2-1/2

[Event "Gatineau CEH op"]
[Site "Gatineau CAN"]
[Date "2010.01.26"]
[Round "3"]
[White "Dagenais, Benoit"]
[Black "Berthiaume, Patrick"]
[Result "1-0"]
[WhiteElo "1264"]
[BlackElo "1256"]
[PlyCount "89"]
[EventDate "2010.01.12"]
[EventType "swiss"]
[EventRounds "7"]
[EventCountry "CAN"]
[Source "ChessBase"]
[SourceDate "2011.11.26"]

1. e4 e6 2. d4 d5 3. e5 c5 4. c3 Nc6 5. Nf3 cxd4 6. cxd4 Qb6 7. Bd3 Nge7 8. O-O
Bd7 9. Nc3 Nxd4 10. Nxd4 Qxd4 11. Bb5 Qxd1 12. Bxd7+ Kxd7 13. Rxd1 Nc6 14. f4
Bb4 15. Ne4 Ke7 16. Ng5 h6 17. Nf3 Rhf8 18. Be3 Rad8 19. a3 Ba5 20. Bc5+ Ke8
21. Kf1 Bc7 22. Rac1 f6 23. Bd4 Nxd4 24. Nxd4 Kd7 25. Rxc7+ Kxc7 26. Nxe6+ Kc6
27. Nxd8+ Rxd8 28. exf6 gxf6 29. Rd3 Kd6 30. Rh3 Rh8 31. Rh5 Ke6 32. g4 Rg8 33.
h3 Rh8 34. Ke2 Kd6 35. Kd3 Kc5 36. b4+ Kd6 37. Kd4 Re8 38. Rxd5+ Kc6 39. Rf5
Rd8+ 40. Kc3 Rf8 41. g5 hxg5 42. fxg5 Kd6 43. Rxf6+ Rxf6 44. gxf6 Ke6 45. Kd4
1-0

[Event "Gatineau CEH op"]
[Site "Gatineau CAN"]
[Date "2010.01.26"]
[Round "3"]
[White "Desjardins, Michel"]
[Black "Groleau, Gilles"]
[Result "1-0"]
[WhiteElo "1959"]
[BlackElo "2022"]
[PlyCount "95"]
[EventDate "2010.01.12"]
[EventType "swiss"]
[EventRounds "7"]
[EventCountry "CAN"]
[Source "ChessBase"]
[SourceDate "2011.11.26"]

1. e4 c5 2. Nc3 Nc6 3. g3 g6 4. Bg2 Bg7 5. d3 d6 6. Be3 e6 7. Qd2 Rb8 8. Nge2
b5 9. O-O b4 10. Nd1 Nd4 11. Nc1 e5 12. f4 f6 13. c3 bxc3 14. bxc3 exf4 15.
Bxf4 Ne6 16. Be3 Ne7 17. Bh6 O-O 18. Bxg7 Kxg7 19. Ne3 Ng5 20. Ne2 Qb6 21. Nc4
Qc7 22. Nf4 Nf7 23. Ne3 Ne5 24. Rac1 Qa5 25. Qe2 Bd7 26. d4 N5c6 27. Rfd1 cxd4
28. cxd4 Qb6 29. Nc4 Qb4 30. Nd3 Qa4 31. Qf2 Bg4 32. Rd2 Rbd8 33. h3 Bc8 34.
Nf4 Na5 35. Nxa5 Qxa5 36. Rdc2 Rf7 37. Rc7 Bd7 38. Qe3 g5 39. Nh5+ Kg6 40. g4
Qxa2 41. e5 dxe5 42. dxe5 Qe6 43. Qd3+ f5 44. Ng3 Rc8 45. gxf5+ Nxf5 46. Rxc8
Bxc8 47. Rc6 Kh6 48. Nxf5+ 1-0

[Event "Gatineau CEH op"]
[Site "Gatineau CAN"]
[Date "2010.01.26"]
[Round "3"]
[White "Gagnon, Fabien"]
[Black "Danilov, Alex"]
[Result "1-0"]
[WhiteElo "1942"]
[BlackElo "1824"]
[PlyCount "23"]
[EventDate "2010.01.12"]
[EventType "swiss"]
[EventRounds "7"]
[EventCountry "CAN"]
[Source "ChessBase"]
[SourceDate "2011.11.26"]

1. e4 c5 2. Nf3 e6 3. d4 cxd4 4. Nxd4 Nc6 5. Nc3 a6 6. Be2 Nge7 7. Be3 Nxd4 8.
Qxd4 Nc6 9. Qd2 Be7 10. O-O b5 11. Rad1 O-O 12. f4 {Phone} 1-0

[Event "Gatineau CEH op"]
[Site "Gatineau CAN"]
[Date "2010.01.26"]
[Round "3"]
[White "Lacourse, Guy"]
[Black "Guimond, Michel"]
[Result "1/2-1/2"]
[WhiteElo "1676"]
[BlackElo "1970"]
[PlyCount "90"]
[EventDate "2010.01.12"]
[EventType "swiss"]
[EventRounds "7"]
[EventCountry "CAN"]
[Source "ChessBase"]
[SourceDate "2011.11.26"]

1. d4 g6 2. c4 Bg7 3. e4 d6 4. Nc3 Nd7 5. Be3 e5 6. d5 a5 7. Nf3 Nh6 8. Nd2 b6
9. Be2 O-O 10. f3 f5 11. Qc2 f4 12. Bf2 Nc5 13. O-O-O a4 14. Kb1 Bd7 15. a3 Kh8
16. Ka2 Ng8 17. Ndb1 Ne7 18. Nb5 Nc8 19. N5c3 Ra5 20. Be1 Na7 21. Nb5 Nxb5 22.
cxb5 Rxb5 23. Bxb5 Bxb5 24. Bb4 Qc8 25. Bxc5 bxc5 26. Rc1 Qa6 27. Nd2 c6 28.
dxc6 Qxc6 29. Ka1 Rb8 30. Rhd1 Qb6 31. Nb1 Bc4 32. Rd2 d5 33. Nc3 d4 34. Nxa4
Qa5 35. Qxc4 Qxd2 36. Rc2 Qe1+ 37. Ka2 Qa5 38. Nxc5 Rc8 39. b4 Qb6 40. Qb3 Bf8
41. Nd3 Ra8 42. Rc4 Qb5 43. Kb2 Bd6 44. Qc2 Qa6 45. Qb3 Kg7 1/2-1/2